Creative method of teaching english / (Record no. 38294)

MARC details
000 -LEADER
fixed length control field 00816nam a22002177a 4500
005 - DATE AND TIME OF LATEST TRANSACTION
control field 20100730151430.0
010 ## - LCCN (DPL NO)
LC control number ENG-97482
020 ## - INTERNATIONAL STANDARD BOOK NUMBER
International Standard Book Number 9788184502589
Terms of availability 990.00
035 ## - SYSTEM CONTROL NUMBER
System control number EN-81015
037 ## - SOURCE OF ACQUISITION
Source of stock number/acquisition DBAD/PUB
082 ## - DEWEY DECIMAL CLASSIFICATION NUMBER
Classification number 488.07
100 ## - MAIN ENTRY--PERSONAL NAME
Personal name Prusty, Pramod Kumar
245 ## - TITLE STATEMENT
Title Creative method of teaching english /
Statement of responsibility, etc by Pramod Kumar Prusty [and] Jagannath Mohanty
260 ## - PUBLICATION, DISTRIBUTION, ETC. (IMPRINT)
Place of publication, distribution, etc New Delhi
Name of publisher, distributor, etc Deep and Deep Publication
Date of publication, distribution, etc 2010
270 ## - ADDRESS
Address F-129, Rajouri Garden
City New Delhi
Postal code 110027
300 ## - PHYSICAL DESCRIPTION
Extent xii, 250p
Dimensions 23cm (Hb)
500 ## - GENERAL NOTE
General note Includes bibliographical refrences
700 ## - ADDED ENTRY--PERSONAL NAME
Personal name Mohanty, Jagannath
9 (RLIN) 2733
942 ## - ADDED ENTRY ELEMENTS (KOHA)
Source of classification or shelving scheme Dewey Decimal Classification
Item type English Books
Classification part 488.07
Call number suffix PRU
Holdings
Withdrawn status Lost status Not for loan Collection code Home library Current library Date acquired Source of acquisition Cost, normal purchase price Full call number Barcode Copy number Cost, replacement price Koha item type
    Not For Loan Non-fiction D.B.Act.Division D.B.Act.Division 30/07/2010 DBAD/PUB 990.00 488.07 PRU EN-81015 1 990.00 English Books

© Delhi Public Library
Hit Counter
free hit counter